| 000 | 01311nam a2200229Ia 4500 | ||
|---|---|---|---|
| 999 |
_c37615 _d37615 |
||
| 001 | 3587 | ||
| 003 | GE_BSU | ||
| 005 | 20190627151045.0 | ||
| 008 | 181216s2011||||ge |||||||||||||| ||geo|| | ||
| 040 | _cGE_BSU | ||
| 041 | _ageo | ||
| 080 | _a341.64(4) ა–26 | ||
| 245 |
_aადამიანის უფლებათა ევროპული სასამართლოს განჩინებათა კრებული საქართველოს საქმეებზე, 2010-2011 წლები / _cშეადგ. და დაამუშავა თინათინ ბეჟაშვილმა. |
||
| 264 |
_aთბილისი : _bსაქ. უზენაესი სასამართლო : ადამიანის უფლებათა ცენტრი, _c2011. |
||
| 300 |
_a72 გვ. ; _b29 სმ. |
||
| 504 | _aბიბლიოგრ. ტექსტ. შენიშვნ. | ||
| 653 | _aადამიანის უფლებები | ||
| 653 | _a ევროსასამართლოს გადაწყვეტილებები | ||
| 653 | _aევროპის საბჭო | ||
| 700 |
_aბეჟაშვილი, თინათინ _eშემდგენელი _92989 |
||
| 942 |
_cBK _2udc |
||